00366nam a22001337a 450000500170000000800410001704100130005808200120007110000120008324500310009526000520012630000290017865000250020720240801091754.0240801b |||||||| |||| 00| 0 eng d aEnglish  a349 SOU lEnglish aSouth African Law Reports  aCape Town: bJuta and Company Ltd, c1922-1923  bxv, 510 pages; c25 cm.  aLegal practice bLaw